| 000 | 00942nam a22002657a 4500 | ||
|---|---|---|---|
| 999 |
_c29206 _d29177 |
||
| 003 | EG-ScBUE | ||
| 005 | 20210622113250.0 | ||
| 008 | 210622s2014 ua a f 000 0 ara d | ||
| 017 | _a2014/15631 | ||
| 020 | _a9789779019581 | ||
| 040 |
_aEG-ScBUE _bara _erda _cEG-ScBUE _dEG-ScBUE |
||
| 043 | _af-ua--- | ||
| 082 | 0 | 4 |
_a368.962 _bا ت ح _222 |
| 110 | 2 |
_aالاتحاد المصري للتأمين، _eمؤلف. |
|
| 245 | 1 | 0 |
_aصناعة التأمين في مصر : _bعبر قرن ونصف / _cالاتحاد المصري للتأمين. |
| 264 | 1 |
_aالقاهرة : _bالاتحاد المصري للتأمين، _c2014. |
|
| 300 |
_a399 صفحة : _bإيضاحيات ؛ _c24 سم. |
||
| 336 |
_2rdacontent _aنص _btxt |
||
| 337 |
_2rdamedia _aبدون وسيط _bn |
||
| 338 |
_2rdacarrier _aمجلد _bnc |
||
| 650 | 7 |
_aالتأمين _zمصر. _2BUEsh |
|
| 653 |
_bGGEN _cJune2021 |
||
| 655 |
_vReading book _934232 |
||
| 942 | _2ddc | ||